La dimensión social del Mercosur

Պահպանված է:
Մատենագիտական մանրամասներ
Հիմնական հեղինակ: Ermida Uriarte, Oscar (Հեղինակ)
Ձևաչափ: Գիրք
Լեզու:իսպաներեն
Հրապարակվել է: Montevideo Fundación de Cultura Universitaria 2004
Հրատարակություն:1a. ed
Շարք:Cuadernos de Fundación. Derecho del Trabajo y la Seguridad Social, 5
Խորագրեր:
Ցուցիչներ: Ավելացրեք ցուցիչ
Չկան պիտակներ, Եղեք առաջինը, ով նշում է այս գրառումը!

MARC

LEADER 00000nam a2200000 a 4500
001 UCK7209
003 CL-VaPUC
008 051111e20040000UY |||||||||||||||||spa|d
020 |a 9974204860 
082 0 4 |a 341.759  |b ERM  |2 21 
100 0 |a Ermida Uriarte, Oscar  |e author  |9 496676 
245 1 3 |a La dimensión social del Mercosur 
250 |a 1a. ed 
300 |a 86 p 
942 |c BK 
945 |d 20051111 00:00:00  |a cmena 
260 |a Montevideo  |b Fundación de Cultura Universitaria  |c 2004 
600 0 7 |a MERCOSUR  |2 CL-VaPUC  |9 330918 
650 0 |a Desarrollo económico y social   |9 256320 
650 0 |a Derecho internacional  |9 255637 
650 7 |a DERECHO LABORAL  |2 CL-VaPUC  |9 15 
650 0 |a Tratados internacionales   |9 256056 
650 7 |a COMERCIO INTERNACIONAL  |2 CL-VaPUC  |9 496677 
650 0 |a Seguridad social  |9 255322 
650 0 |a Derechos humanos  |9 223025 
583 |a last modification  |c 20170731 11:54:33  |k Rodrigo Vera 
490 0 |a Cuadernos de Fundación. Derecho del Trabajo y la Seguridad Social, 5 
999 |c 315249  |d 315247 
952 |0 0  |1 0  |4 0  |6 341_759000000000000_ERM_2004  |7 0  |8 A  |9 388239  |a BIBDER  |b BIBDER  |d 2019-11-22  |i 4175506  |o 341.759 ERM 2004  |p 4175506  |r 2023-01-25  |w 2019-11-22  |y BK  |k DER